LEADER 01241nam2-2200385---450- 001 990003040250203316 005 20080103102443.0 010 $a0-521-684-110 035 $a000304025 035 $aUSA01000304025 035 $a(ALEPH)000304025USA01 035 $a000304025 100 $a20080103d2006----km-y0itay50------ba 101 0 $aeng 102 $aGB 105 $aa|||z|||001yy 200 1 $aPre-intermediate workbook without answer key$fNicolas Tims with Chris Redston & Gillie Cunningham 210 $aCambridge$cCambridge University Press$d2006 215 $a88 p.$cill.$d28 cm 461 1$1001000287806$12001$aFace2face 606 0 $aLingua inglese$xTesti scolastici 676 $a428.2451 700 1$aTIMS,$bNicolas$0599733 701 1$aREDSTON,$bChris$0474742 701 1$aCUNNINGHAM,$bGillie$0595712 801 0$aIT$bsalbc$gISBD 912 $a990003040250203316 951 $aVII.3.D. 500/3$b57623 G.$cVII.3.$d00065902 951 $aVII.3.D. 500/3a$b57625 G.$cVII.3.$d00065903 951 $aVII.3.D. 500/3b$b57627 G.$cVII.3.$d00065904 959 $aBK 969 $aUMA 979 $aANNAMARIA$b90$c20080103$lUSA01$h1024 996 $aPre-intermediate workbook without answer key$91026343 997 $aUNISA LEADER 01096nam--2200385---450- 001 990002904770203316 005 20070417112856.0 010 $a88-7255-287-7 035 $a000290477 035 $aUSA01000290477 035 $a(ALEPH)000290477USA01 035 $a000290477 100 $a20070417d2006----km-y0itay50------ba 101 $aita 102 $aIT 105 $a||||||||001yy 200 1 $aHerman Melville e Cesare Pavese$emito, simbolo, destino ed eterno ritorno$fNino Arrigo 210 $aFirenze$cAtheneum$d[2006] 215 $a158 .$d21 cm 225 2 $aOxenford 410 0$12001$aOxenford 454 1$12001 461 1$1001-------$12001 606 0 $aLetteratura comparata$xStudi 676 $a809.894 700 1$aARRIGO,$bNino$0596705 801 0$aIT$bsalbc$gISBD 912 $a990002904770203316 951 $aVIII.3. 814$b191507 LM$cVIII.3.$d00214699 959 $aBK 969 $aUMA 979 $aSENATORE$b90$c20070417$lUSA01$h1127 979 $aSENATORE$b90$c20070417$lUSA01$h1128 996 $aHerman Melville e Cesare Pavese$9989365 997 $aUNISA LEADER 04887nam 22006855 450 001 9910300749603321 005 20251214171209.0 010 $a9781484235492 010 $a1484235495 024 7 $a10.1007/978-1-4842-3549-2 035 $a(CKB)4100000003359119 035 $a(MiAaPQ)EBC5356180 035 $a(DE-He213)978-1-4842-3549-2 035 $a(CaSebORM)9781484235492 035 $a(PPN)226699455 035 $a(OCoLC)1035957358 035 $a(OCoLC)on1035957358 035 $a(iGPub)SPNA0054835 035 $a(EXLCZ)994100000003359119 100 $a20180418d2018 u| 0 101 0 $aeng 135 $aurcnu|||||||| 181 $ctxt$2rdacontent 182 $cc$2rdamedia 183 $acr$2rdacarrier 200 10$aOffice 365 for Healthcare Professionals $eImproving Patient Care Through Collaboration, Compliance, and Productivity /$fby Nidhish Dhru 205 $a1st ed. 2018. 210 1$aBerkeley, CA :$cApress :$cImprint: Apress,$d2018. 215 $a1 online resource (xvi, 208 pages) $cillustrations 300 $aIncludes index. 311 08$a9781484235485 311 08$a1484235487 320 $aIncludes bibliographical references. 327 $aChapter 1: Improving Productivity in Healthcare with Office 365 -- Chapter 2: Configuring Office 365 -- Chapter 3: Innovate while Staying Compliant -- Chapter 4: Telehealth Powered by Office 365 -- Chapter 5: Innovations in Tumor Board Reviews -- Chapter 6: Overcome Scheduling Challenges -- Chapter 7: Personal Health Record: External Sharing in a Secure Manner -- Chapter 8: Continuous Education for Nurses -- Chapter 9: Monitoring and Lowering Readmission Rate. . 330 $aHealthcare is a complex, rapidly changing industry. Providers are expected to maximize and extend care for patients, while working with fewer resources and striving to stay modern and secure. This book offers prescriptive guidance and real-world use cases that will help readers leverage Office 365 and the cloud in order to be more productive, secure, and compliant with all the healthcare compliance standards. Office 365 for Healthcare increases the value of a provider?s existing investment and infrastructure in Office 365 by teaching configurations and services that will resolve real day-to-day productivity and communication challenges. Understanding that each provider is unique, this book focuses on operational and clinical similarities that can be applied to any healthcare provider such as telehealth, readmission rate, shift scheduling, tumor board innovations, continuous education for medical practitioners, and more. What You'll Learn: Configure Office 365 to enable a compliant and meaningful collaboration between care providers and patients Discover innovative uses through the Tumor Board collaboration Understand specific ways to improve nurse scheduling and training Improve Telehealth for remote patients Apply simple techniques via the existing Office 365 toolset Secure Office 365 without affecting productivity Increase operating efficiency and patient satisfaction by reducing lengths of stay and re-admission This book is for IT pros, technical decision makers, and Office 365 users in the healthcare industry. Readers should have an understanding of Office 365, how healthcare organizations function, and an understanding of the technical challenges they are facing. Nidhish Dhru is a Cloud Technology Strategist at Microsoft with more than 20 years of experience in the field of technology. Nidhish helps customers across the globe overcome their business challenges with creative ideas and customize technical guidance. He is passionate about working with healthcare organizations to modernize their infrastructure, reduce operational costs, and help increase patient care via technology innovation. Nidhish presents at Microsoft Ignite and the Bay Area Healthcare Innovation Summit. 517 3 $aOffice Three hundred sixty-five for healthcare professionals 606 $aMicrosoft software 606 $aMicrosoft .NET Framework 606 $aSoftware engineering?Management 606 $aMedicine$xPractice 606 $aHospitals?Administration 606 $aMicrosoft 606 $aSoftware Management 606 $aPractice and Hospital Management 615 0$aMicrosoft software. 615 0$aMicrosoft .NET Framework. 615 0$aSoftware engineering?Management. 615 0$aMedicine$xPractice. 615 0$aHospitals?Administration. 615 14$aMicrosoft. 615 24$aSoftware Management. 615 24$aPractice and Hospital Management. 676 $a004 700 $aDhru$b Nidhish$4aut$4http://id.loc.gov/vocabulary/relators/aut$01065278 801 0$bUMI 801 1$bUMI 906 $aBOOK 912 $a9910300749603321 996 $aOffice 365 for Healthcare Professionals$92544276 997 $aUNINA